[Event "Campeonato de Aragón por Equipos 2008 "]
[Site "Aragón"]
[Date "2008.02.02"]
[Round "1.62"]
[White "Minguez A"]
[Black "Ferrer  Francisco Javier"]
[Result "1-0"]
[WhiteElo "1952"]
[BlackElo "1997"]

1.e4 c5 2.Nc3 Nc6 3.Nf3 g6 4.d3 Bg7 5.Be3 d6 6.d4 cxd4 7.Nxd4 Bd7 8.Qd2 Nf6 9.
f3 a6 10.g4 b5 11.h4 h6 12.a3 Ne5 13.Rd1 Rc8 14.Qg2 Nc4 15.Bxc4 Rxc4 16.O-O
Qc8 17.Rfe1 Qb7 18.Nb3 Qa8 19.e5 $2 Nxg4 $5 20.exd6 Ne5 (20...Bxc3 $1) 21.Nd5
Rc6 $2 {0´ 36´´} 22.Nc7+ Rxc7 23.dxc7 Nxf3+ $2 (23...O-O) 24.Kf2 Qe4 25.Rxd7
$6 Kxd7 (25...Qxh4+) 26.Nc5+ 1-0

[Event "Campeonato de Aragón por Equipos 2008 "]
[Site "Aragón"]
[Date "2008.02.02"]
[Round "1.63"]
[White "Navarro Sancho Rafael"]
[Black "Vasilev Vas"]
[Result "0-1"]
[WhiteElo "1963"]
[BlackElo "1925"]

1.e4 g6 2.d4 d6 3.Nc3 c6 4.Be3 Nf6 5.Be2 b5 6.Bf3 b4 7.Nce2 Nbd7 8.Qd2 Qa5 9.
Ng3 Bg7 10.N1e2 h5 11.h4 Rb8 12.O-O Nb6 13.b3 Ng4 14.a3 Nxe3 15.axb4 $4 (15.
fxe3) 15...Nxf1 16.Rxf1 Nc4 17.bxc4 Qxb4 18.c3 Qxc4 19.Ra1 a6 20.Nf1 Bh6 21.
Ne3 Bxe3 22.Qxe3 Bg4 23.e5 Bxf3 24.exd6 Qxe2 0-1

[Event "Campeonato de Aragón por Equipos 2008 "]
[Site "Aragón"]
[Date "2008.02.02"]
[Round "1.64"]
[White "Buil  Montanes Carlos"]
[Black "Velamazan Gomez Angel"]
[Result "1/2-1/2"]
[WhiteElo "1838"]
[BlackElo "1960"]

1.c4 Nf6 2.Nc3 g6 3.g3 Bg7 4.Bg2 d6 5.d3 O-O 6.Nf3 c6 7.O-O Qc7 8.Rb1 Re8 9.b4
e5 10.Nd2 Be6 11.e4 Nbd7 12.Nb3 Rad8 13.b5 Nf8 14.Qe2 d5 15.cxd5 cxd5 16.Bd2
d4 17.Na4 Bxb3 18.Rxb3 Ne6 19.Rc1 Qb8 20.Rbb1 Rc8 21.Bh3 Rxc1+ 22.Rxc1 b6 23.
Bxe6 Rxe6 24.Nb2 Nd7 25.f4 Bf8 26.f5 Re8 27.fxg6 hxg6 28.Nc4 Nc5 29.Qf3 Qd8
30.Rb1 Qd7 31.Kg2 Bg7 32.Bb4 Re6 33.Bxc5 bxc5 34.a4 Bf6 35.Qe2 Bd8 36.a5 Qb7
37.Kg1 Bc7 38.Qa2 Kg7 39.Qa3 f5 40.Qxc5 fxe4 41.a6 Qb8 42.dxe4 Rxa6 43.Qe7+
Kh6 44.Qh4+ Kg7 45.Qe7+ Kh6 46.Qh4+ Kg7 1/2-1/2

[Event "Campeonato de Aragón por Equipos 2008 "]
[Site "Aragón"]
[Date "2008.02.09"]
[Round "2.1"]
[White "Mirzoev Azer"]
[Black "Lorenzini Martin"]
[Result "1-0"]
[WhiteElo "2518"]
[BlackElo "2448"]

1.d4 d5 2.c4 e6 3.Nc3 Nf6 4.Nf3 Nbd7 5.cxd5 exd5 6.Bg5 Be7 7.e3 c6 8.Qc2 O-O
9.Bd3 Re8 10.O-O g6 11.Rab1 Nh5 12.Bxe7 Qxe7 13.b4 a6 14.a4 Nb6 15.Rfc1 Bd7
16.Ne2 Rac8 17.h3 Ng7 18.Ng3 Be6 19.Qa2 Ra8 20.Rc3 Rec8 21.Qc2 Ne8 22.Nd2 Nd6
23.Qd1 Qd8 24.Rcc1 Kg7 25.Ra1 a5 26.Rcb1 Ra7 27.Ne2 Rca8 28.b5 cxb5 29.Bxb5
Nxb5 30.Rxb5 Bd7 31.Rc5 Bc6 32.Qb3 Ra6 33.Rcc1 Nd7 34.Nc3 Rb6 35.Qd1 Rb4 36.
Nf3 Qe8 37.Ne1 Nb6 38.Nd3 Bxa4 39.Qf3 Rc4 40.Ne5 Bb3 41.Nxc4 Bxc4 42.Rcb1 Qc6
43.Qd1 Ra6 44.Rc1 Nc8 45.e4 Nd6 46.Nxd5 Nxe4 47.Ne3 Nd6 48.Qd2 Qc7 49.d5 b5
50.Qb2+ Kg8 51.Ng4 h5 52.Nf6+ Kf8 53.Re1 Ra8 54.Ne8 1-0

[Event "Campeonato de Aragón por Equipos 2008 "]
[Site "Aragón"]
[Date "2008.02.09"]
[Round "2.2"]
[White "Martinez Asensio Juan"]
[Black "Fontana Sotomayour Luis Javier"]
[Result "0-1"]
[WhiteElo "2171"]
[BlackElo "2332"]

1.d4 Nf6 2.c4 e5 3.dxe5 Ne4 4.Nd2 Bb4 5.Nf3 Nc6 6.a3 Nxd2 7.Bxd2 Bxd2+ 8.Qxd2
Qe7 9.Qc3 b6 10.g3 Bb7 11.O-O-O O-O-O 12.Bh3 Rhe8 13.Rd5 Nb8 14.Rd2 Bxf3 15.
Qxf3 Qxe5 16.Rhd1 c6 17.Rxd7 Rxd7 18.Rxd7 Nxd7 19.Qxc6+ Kb8 20.Bxd7 Rd8 21.e3
Qc7 22.Qxc7+ Kxc7 23.Bg4 Rd6 24.Kc2 Rh6 25.h3 Rf6 26.f4 Rg6 27.e4 f6 28.e5
fxe5 29.fxe5 Rg5 30.e6 Kd6 0-1

[Event "Campeonato de Aragón por Equipos 2008 "]
[Site "Aragón"]
[Date "2008.02.09"]
[Round "2.3"]
[White "Antoli Royo Joaquin Miguel"]
[Black "Dominguez Bujeda Jesus"]
[Result "1-0"]
[WhiteElo "2308"]
[BlackElo "2095"]

1.e4 c5 2.Nf3 Nc6 3.Bb5 g6 4.Bxc6 dxc6 5.h3 Bg7 6.d3 e5 7.Nc3 Qe7 8.Be3 Nf6 9.
Qd2 Nd7 10.Bh6 f6 11.Bxg7 Qxg7 12.O-O Nf8 13.a3 Ne6 14.b4 O-O 15.Na4 Nd4 16.
Qd1 b6 17.c3 Nxf3+ 18.Qxf3 Qe7 19.Qe3 c4 20.dxc4 Ba6 21.Nb2 Qe6 22.Qe2 Rf7 23.
a4 c5 24.a5 Rc8 25.Rfc1 cxb4 26.cxb4 Rfc7 27.axb6 Qxb6 28.Qd2 Bb7 29.Na4 Qe6
30.Nc5 Rxc5 31.bxc5 Bxe4 32.Rxa7 Bc6 33.Qh6 Bd7 34.Rd1 Qxc4 35.Rdxd7 1-0

[Event "Campeonato de Aragón por Equipos 2008 "]
[Site "Aragón"]
[Date "2008.02.09"]
[Round "2.4"]
[White "Gomez Calomarde Saul"]
[Black "Cortes Lizano Jesus"]
[Result "1/2-1/2"]
[WhiteElo "1932"]
[BlackElo "2247"]

1.d4 d5 2.c4 c6 3.Nc3 Nf6 4.Nf3 g6 5.Bf4 dxc4 6.e3 b5 7.a4 Nd5 8.Be5 f6 9.Bxb8
Rxb8 10.axb5 Nxc3 11.bxc3 cxb5 12.Rxa7 Qb6 13.Qa1 Bh6 14.Be2 O-O 15.Rxe7 Bb7
16.Qb2 Rfc8 17.d5 Bxd5 18.Rd7 Qc6 19.Ra7 b4 20.O-O b3 21.Nd4 Qc5 22.Rfa1 Ra8
23.Rxa8 Rxa8 24.Rxa8+ Bxa8 25.Bxc4+ Qxc4 26.Qxb3 Qxb3 27.Nxb3 Kf7 28.Nd4 Bf8
29.f3 Bd5 30.Kf2 Bc5 31.Nc2 Bc4 32.g3 Ke7 33.f4 f5 34.h3 Bd3 35.Ne1 Be4 36.Ke2
Ke6 37.Nf3 Bxf3+ 38.Kxf3 Kd5 39.c4+ Kxc4 40.e4 fxe4+ 41.Kxe4 Bd4 42.g4 Bc3 43.
g5 Be1 44.f5 Bh4 45.fxg6 hxg6 46.Kf4 Kd4 47.Kg4 Be1 48.h4 Bxh4 49.Kxh4 Ke4 50.
Kg4 Ke5 51.Kg3 Kf5 52.Kf3 Kxg5 53.Kg3 Kf5 54.Kf3 Ke5 55.Kg4 Kf6 56.Kf4 g5+ 57.
Kg4 1/2-1/2

[Event "Campeonato de Aragón por Equipos 2008 "]
[Site "Aragón"]
[Date "2008.02.09"]
[Round "2.5"]
[White "Lasanta Rica Cesar"]
[Black "Adla Diego Gustavo"]
[Result "0-1"]
[WhiteElo "2284"]
[BlackElo "2491"]

1.d4 Nf6 2.c4 e6 3.Nf3 Bb4+ 4.Nbd2 b6 5.a3 Bxd2+ 6.Qxd2 Bb7 7.e3 O-O 8.Be2 d6
9.b4 Nbd7 10.Bb2 Ne4 11.Qd1 f5 12.d5 e5 13.Nd2 Qg5 14.O-O Rae8 15.f4 exf4 16.
exf4 Qh6 17.Nb3 Ndf6 18.Nd4 Bc8 19.Qd3 Bd7 20.Rae1 Rf7 21.g3 Rfe7 22.Bf3 Nf2
23.Qd2 N6e4 24.Bxe4 Nxe4 25.Qg2 Qg6 26.Re2 a6 27.Rfe1 Qf7 28.Qf3 b5 29.Qd3
bxc4 30.Qxc4 c5 31.bxc5 dxc5 32.Nf3 Bb5 33.Qb3 Bxe2 34.Rxe2 Rd8 0-1

[Event "Campeonato de Aragón por Equipos 2008 "]
[Site "Aragón"]
[Date "2008.02.09"]
[Round "2.6"]
[White "Glavina Rossi Pablo"]
[Black "Glaria Murillo Christian"]
[Result "1-0"]
[WhiteElo "2459"]
[BlackElo "2195"]

1.d4 d5 2.c4 e6 3.Nf3 Nf6 4.g3 Be7 5.Bg2 O-O 6.O-O Nbd7 7.Qc2 c6 8.b3 b6 9.Rd1
Ba6 10.Nbd2 Rc8 11.e4 c5 12.exd5 exd5 13.Bb2 Bb7 14.Qf5 dxc4 15.Nxc4 b5 16.Ne3
c4 17.d5 c3 18.Bxc3 Rxc3 19.d6 Rc5 20.Qf4 Re8 21.dxe7 Qxe7 22.Nf5 Qe4 23.Qxe4
Bxe4 24.Nd6 Bxf3 25.Bxf3 Re6 26.b4 Rc3 27.Bg2 a6 28.a4 g6 29.axb5 axb5 30.Nxb5
Rc4 31.Bh3 Rb6 32.Na3 Rc7 33.b5 Ra7 34.Bf1 Ne4 35.Nc2 Rxa1 36.Rxa1 Ndc5 37.
Ra8+ Kg7 38.Rc8 Ne6 39.Nb4 Rd6 40.Rc1 N4c5 41.Nc6 Kf6 42.Bg2 Nb3 43.Rb1 Nbc5
44.Nb4 Na4 45.Nd5+ Ke5 46.b6 Nac5 47.b7 Na6 48.f4+ Kd4 49.b8=Q Nxb8 50.Rxb8
Rxd5 51.Bxd5 Kxd5 52.Rb7 g5 53.fxg5 1-0

[Event "Campeonato de Aragón por Equipos 2008 "]
[Site "Aragón"]
[Date "2008.02.09"]
[Round "2.7"]
[White "Garcia Ramon Ricardo1"]
[Black "Gomez Anadon Daniel"]
[Result "0-1"]
[WhiteElo "2118"]
[BlackElo "2315"]

1.d4 d5 2.Nf3 c6 3.Bf4 Bf5 4.g3 Nf6 5.Bg2 h6 6.Bxb8 Rxb8 7.O-O Qb6 8.Qc1 e6 9.
Nbd2 c5 10.e3 cxd4 11.exd4 Be7 12.b3 Ne4 13.c3 O-O 14.Nxe4 Bxe4 15.Ne5 Bxg2
16.Kxg2 Qc7 17.Qe3 Rbc8 18.Rac1 Qa5 19.a4 Rc7 20.f4 Rfc8 21.Rf3 b5 22.h4 bxa4
23.bxa4 Ba3 24.Rc2 Qxa4 25.Qe2 Bd6 26.Ra2 Qe8 27.Qa6 Bxe5 28.fxe5 Rxc3 29.Rxc3
Rxc3 30.Qxa7 Qb5 31.Rf2 Qe8 32.h5 Rc8 33.Qb7 Rd8 34.Qc7 Rd7 35.Qc6 Qe7 36.Qb5
Rb7 37.Qc6 Rb8 38.Qa6 Qb7 39.Qd6 Rc8 40.Kh2 Qb5 41.Qe7 Qe8 42.Qb7 Rc4 43.Qa7
Ra4 44.Qc5 Qd8 45.Kg2 Rc4 46.Qa7 Rc7 47.Qb6 Qc8 48.Qb3 Rc3 49.Qa4 Qc6 50.Qa7
Qc7 51.Qa4 Qe7 52.Qa5 Re3 53.Rf3 {y tiempo} 0-1

[Event "Campeonato de Aragón por Equipos 2008 "]
[Site "Aragón"]
[Date "2008.02.09"]
[Round "2.8"]
[White "Moreno Gracia Daniel"]
[Black "Jimenez Fernandez Alejandro"]
[Result "1-0"]
[WhiteElo "2188"]
[BlackElo "1898"]

1.c4 e5 2.Nc3 g6 3.g3 Bg7 4.Bg2 d6 5.Nf3 f5 6.d3 Nf6 7.O-O O-O 8.Rb1 Nc6 9.b4
h6 10.b5 Ne7 11.c5 Be6 12.Ba3 g5 13.cxd6 cxd6 14.Nd2 Rc8 15.Rc1 b6 16.Qa4 Qd7
17.Nc4 Ne8 18.Qb4 Bxc4 19.dxc4 e4 20.Rfd1 Ng6 21.Nd5 Ne5 22.Bb2 Qe6 23.a4 Nf6
24.Ba3 Nf7 25.Bh3 Rfe8 26.Ne3 Ng4 27.Bxg4 fxg4 28.Rd5 Rc5 29.Qb1 Rxd5 30.cxd5
Qd7 31.Rc4 Qe7 32.Qc2 Ne5 33.Rxe4 Qd7 34.Nc4 1-0

[Event "Campeonato de Aragón por Equipos 2008 "]
[Site "Aragón"]
[Date "2008.02.09"]
[Round "2.9"]
[White "Baron Rodriguez Jesus"]
[Black "Hinojar Basa Alfonso"]
[Result "1/2-1/2"]
[WhiteElo "2421"]
[BlackElo "2210"]

1.d4 Nf6 2.Nf3 g6 3.Bg5 Bg7 4.Nbd2 d5 5.e3 O-O 6.Bd3 Nbd7 7.O-O c5 8.c3 b6 9.
b4 Bb7 10.Qb1 Qc8 11.Rc1 e5 12.Nxe5 Nxe5 13.dxe5 Ng4 14.bxc5 bxc5 15.Qb5 Nxe5
16.Bf1 a6 17.Qb6 Nd7 18.Qa5 Qc6 19.Rab1 Rfe8 20.Bf4 Re6 21.Nb3 Re4 22.Nd4 Qc8
23.Bd3 Re8 24.Nf3 h6 25.h3 Re6 26.Qc7 Qxc7 27.Bxc7 Bc6 28.Ba5 Ree8 29.Kf1 Reb8
30.Ke2 Bb5 31.Bc7 Rb7 32.Bd6 Rb6 33.Bc7 Rb7 34.Bg3 Raa7 35.Kd2 Bxd3 36.Kxd3
c4+ 37.Kc2 Nc5 38.Bb8 Rxb1 39.Rxb1 Rb7 40.Rxb7 Nxb7 41.Ba7 f5 42.Nd4 Bxd4 43.
cxd4 Kf7 44.Bb8 Ke6 45.Kc3 Kd7 46.f3 Kc8 47.Bf4 g5 48.Be5 Kd7 49.g4 fxg4 50.
hxg4 Nd6 51.Bg7 Nb5+ 52.Kb2 Nc7 53.Bxh6 Ne6 54.Kc3 Ke7 55.f4 Kf6 56.f5 Nc7 57.
Bf8 Ne8 58.e4 Kf7 59.Bh6 Nf6 60.exd5 Nxd5+ 61.Kxc4 Ne3+ 62.Kc5 Kf6 63.d5 Nxg4
64.Bf8 Kxf5 65.Bg7 Nf2 66.d6 Ne4+ 67.Kc6 Nxd6 68.Kxd6 Ke4 69.a4 g4 70.Be5 a5
71.Ke6 g3 72.Bxg3 Kd4 73.Be1 Kc4 74.Bxa5 Kb3 1/2-1/2

[Event "Campeonato de Aragón por Equipos 2008 "]
[Site "Aragón"]
[Date "2008.02.09"]
[Round "2.10"]
[White "Jario Garcia Ricardo Javier"]
[Black "Hefty Hilardo Jorge Walter"]
[Result "1/2-1/2"]
[WhiteElo "2150"]
[BlackElo "2340"]

1.e4 c5 2.c3 e6 3.d4 d5 4.e5 Nc6 5.Be3 Nge7 6.Nf3 Nf5 7.Bd3 Nxe3 8.fxe3 Be7 9.
O-O Bd7 10.Nbd2 Qb6 11.Rf2 O-O-O 12.a3 f6 13.exf6 gxf6 14.Qc2 Kb8 15.b4 c4 16.
Be2 Be8 17.Nh4 Bf7 18.g3 Rdg8 19.Ndf3 Qd8 20.a4 f5 21.b5 Na5 22.Ne5 Be8 23.
Nhf3 Bh5 24.Ne1 Be8 25.Qd1 h5 26.Kh1 Bd6 27.N1f3 Qf6 28.Ra2 Qh6 29.Qd2 Nb3 30.
Qe1 Qxe3 31.Nxc4 dxc4 32.Bxc4 Qxe1+ 33.Nxe1 Na5 34.Bxe6 Rf8 35.Rxf5 Rxf5 36.
Bxf5 Rf8 37.Bd3 Bf7 38.Rf2 Bd5+ 39.Kg1 Re8 40.Kf1 Bb3 41.Bg6 Rh8 42.Bc2 Rc8
43.Bxb3 Nxb3 44.Rf5 h4 45.gxh4 Bxh2 46.Kg2 Bd6 47.Rf3 Nd2 48.Rd3 Nb1 49.Nf3
Nxc3 50.Ne5 Nxa4 51.Kf3 Re8 52.Kf4 Nb6 53.Kf5 Rf8+ 54.Ke6 Bxe5 55.dxe5 Rh8 56.
Rd4 Kc7 57.Kf7 Nc8 58.Kg7 Re8 59.Kf6 a5 60.bxa6 bxa6 61.e6 Nd6 62.h5 Rf8+ 63.
Kg6 Nf5 64.Rd7+ Kc6 65.Rf7 Nh4+ 66.Kg5 Nf3+ 67.Kf4 Nd4 68.Ke5 Nxe6 69.Kxe6
1/2-1/2

[Event "Campeonato de Aragón por Equipos 2008 "]
[Site "Aragón"]
[Date "2008.02.09"]
[Round "2.11"]
[White "Forcen Esteban Daniel"]
[Black "Gaspar Calvo Luis Alberto"]
[Result "1-0"]
[WhiteElo "2138"]
[BlackElo "1939"]

1.e4 c5 2.Nc3 Nc6 3.f4 e6 4.Nf3 d6 5.Bc4 a6 6.a4 Nf6 7.O-O Nxe4 8.Nxe4 d5 9.
Bd3 c4 10.Be2 dxe4 11.Ng5 Bc5+ 12.Kh1 Qd4 13.c3 Qd5 14.Qc2 f5 15.Bh5+ Ke7 16.
Be2 h6 17.Nh3 b6 18.Qd1 Bb7 19.Qe1 Rag8 20.Qg3 g5 21.fxg5 Bd6 22.Nf4 Bxf4 23.
Qxf4 Ne5 24.Qe3 hxg5 25.b3 cxb3 26.c4 Nxc4 27.Bxc4 Qxc4 28.Bb2 Qc7 29.Bxh8
Rxh8 30.Qxg5+ Kf7 31.h3 b2 32.Rab1 Qe5 33.Qe3 b5 34.d4 Qd5 35.Rxb2 bxa4 36.Rc1
Kf6 37.Qf4 a3 38.Rxb7 Qxb7 39.Qe5+ Kg6 40.Qxh8 a2 41.Qg8+ Kf6 42.Qg3 Qb1 43.
Qc3 a5 44.h4 Qb4 45.Qg3 Qxd4 46.Qg5+ Ke5 47.Qg7+ Kd5 48.Qxd4+ Kxd4 49.Ra1 f4
50.Rxa2 f3 51.gxf3 exf3 52.Kg1 e5 53.h5 1-0

[Event "Campeonato de Aragón por Equipos 2008 "]
[Site "Aragón"]
[Date "2008.02.09"]
[Round "2.12"]
[White "Ruiperez Ramon"]
[Black "Antolin Concha Diego"]
[Result "0-1"]
[WhiteElo "1770"]
[BlackElo "2055"]

1.e4 c5 2.Nf3 d6 3.b4 cxb4 4.a3 Nf6 5.Bb5+ Bd7 6.Qe2 Bxb5 7.Qxb5+ Qd7 8.Qxd7+
Nbxd7 9.axb4 Nxe4 10.d3 Nef6 11.Be3 Nd5 12.Bd2 g6 13.c4 Bg7 14.Ra2 Nc7 15.Bc3
O-O 16.Bxg7 Kxg7 17.Nc3 a6 18.Kd2 Rad8 19.Re1 Rfe8 20.Nd1 f5 21.Kc3 e5 22.Rae2
Kf6 23.Kb3 Nb8 24.Nc3 Nc6 25.h3 h6 26.b5 axb5 27.cxb5 Ne7 28.Nd2 Ned5 29.Nxd5+
Nxd5 30.g3 Nc7 31.b6 Ne6 32.Re3 d5 33.Rc1 Rc8 34.Rxc8 Rxc8 35.Nf3 e4 36.dxe4
dxe4 37.Nd2 Nd4+ 38.Kb4 Nc2+ 39.Kb5 Nxe3 40.fxe3 Ke6 41.Nb3 Kd5 42.Nd4 Rc5+
43.Kb4 Rc4+ 0-1

[Event "Campeonato de Aragón por Equipos 2008 "]
[Site "Aragón"]
[Date "2008.02.09"]
[Round "2.13"]
[White "Cebrian Valverde Jose Antonio"]
[Black "Llorente Zaro Alfonso"]
[Result "0-1"]
[WhiteElo "2206"]
[BlackElo "2392"]

1.d4 d6 2.Nf3 Nf6 3.c4 g6 4.Nc3 Bf5 5.Qb3 Qc8 6.g3 Bg7 7.Bg2 c6 8.O-O Na6 9.
Re1 O-O 10.e4 Bg4 11.Be3 Nd7 12.a3 Nc7 13.Nd2 c5 14.d5 Ne5 15.f3 Bd7 16.Rad1
a6 17.Bf1 b5 18.cxb5 axb5 19.Qc2 Qb7 20.h3 b4 21.axb4 cxb4 22.Ne2 b3 23.Qb1
Nxd5 24.exd5 Bf5 25.Qc1 Rfc8 26.Nc3 Rxc3 27.Qxc3 Nxf3+ 28.Nxf3 Bxc3 29.bxc3 b2
30.Nd2 Bc2 31.c4 Bxd1 32.Rxd1 Ra1 33.Rb1 Rxb1 0-1

[Event "Campeonato de Aragón por Equipos 2008 "]
[Site "Aragón"]
[Date "2008.02.09"]
[Round "2.14"]
[White "Remiro Juste Fernando Jose"]
[Black "Gimeno Oteo Marco Antonio"]
[Result "1-0"]
[WhiteElo "2335"]
[BlackElo "2162"]

1.d4 Nf6 2.Nf3 g6 3.Nbd2 Bg7 4.e4 O-O 5.Bd3 d6 6.O-O c5 7.d5 Na6 8.c3 Nc7 9.a4
b6 10.Nc4 Ba6 11.Qe2 Bxc4 12.Bxc4 a6 13.Bg5 Qd7 14.Rfe1 b5 15.Bb3 Ng4 16.h3
Ne5 17.Nd2 h6 18.Be3 Qc8 19.f4 Nd7 20.f5 Ne5 21.Nf3 Kh7 22.Rf1 Qd7 23.Bf4
Nxf3+ 24.Rxf3 g5 25.Bh2 b4 26.e5 dxe5 27.Bxe5 Bf6 28.Rd1 Ne8 29.Re3 Ra7 30.Re1
bxc3 31.bxc3 Rb7 32.Bxf6 Nxf6 33.Rxe7 Qc8 34.Rxb7 Qxb7 35.Qe7 Nd7 36.Bc2 Qxd5
37.f6+ Kg8 38.Rd1 Qa2 39.Rd2 Qa1+ 40.Rd1 Qxc3 41.Rxd7 Qxc2 42.Qxf8+ 1-0

[Event "Campeonato de Aragón por Equipos 2008 "]
[Site "Aragón"]
[Date "2008.02.09"]
[Round "2.15"]
[White "Gutierrez Minguenza Ruben"]
[Black "Ramon Perez Jose Luis"]
[Result "0-1"]
[WhiteElo "2092"]
[BlackElo "2327"]

1.d4 Nf6 2.Nf3 e6 3.c4 d5 4.Nc3 Bb4 5.Qa4+ Nc6 6.Ne5 Bd7 7.Nxd7 Nxd7 8.cxd5
exd5 9.e3 Nb6 10.Qc2 O-O 11.Bd3 Qh4 12.a3 Bd6 13.g3 Qh3 14.Bf1 Qe6 15.Ne2 f5
16.Bg2 Rae8 17.O-O g5 18.Nc3 f4 19.exf4 gxf4 20.Qd3 Qg4 21.Bf3 Qg7 22.Ne2 Rxe2
23.Bxe2 Nxd4 24.Kh1 f3 25.Bd1 c5 26.Be3 Ne6 27.Rg1 c4 28.Qd2 Rf5 29.Bxb6 axb6
30.Qe3 Qf7 31.Re1 Be5 32.Bxf3 Bxb2 33.Bg4 Re5 34.Qxb6 Bxa1 35.Bxe6 0-1

[Event "Campeonato de Aragón por Equipos 2008 "]
[Site "Aragón"]
[Date "2008.02.09"]
[Round "2.16"]
[White "Mimbela Lopez Miguel Angel"]
[Black "Palomar Ramon Santiago"]
[Result "1-0"]
[WhiteElo "2217"]
[BlackElo "2010"]

1.d4 Nf6 2.c4 d6 3.Nf3 Bg4 4.Qb3 b6 5.h3 Bf5 6.g4 Bg6 7.Bg2 c6 8.Nc3 e6 9.Bf4
Nbd7 10.Nd2 d5 11.e4 dxe4 12.Ndxe4 Nxe4 13.Nxe4 Bxe4 14.Bxe4 Rc8 15.Qa4 b5 16.
cxb5 Nb6 17.Qc2 Bb4+ 18.Bd2 Bxd2+ 19.Qxd2 cxb5 20.O-O O-O 21.Qd3 Qh4 22.Bg2
Nc4 23.b3 Nd6 24.Rac1 Qh6 25.Rc5 Qf4 26.Bc6 Rcd8 27.Qe3 Qf6 28.Rfc1 g6 29.Qe5
Qh4 30.Bg2 Rfe8 31.Rc6 Qe7 32.R1c5 Rd7 33.Ra6 Red8 34.Bc6 Rc7 35.Qe3 Rdc8 36.
Bg2 h5 37.gxh5 Nf5 38.Qf4 Rxc5 39.dxc5 g5 40.Qd2 Qxc5 41.Qxg5+ Kf8 42.Qf4 Rd8
43.Rc6 Rd1+ 44.Kh2 Qd4 45.Qg5 f6 46.Qg6 Qf4+ 1-0

[Event "Campeonato de Aragón por Equipos 2008 "]
[Site "Aragón"]
[Date "2008.02.09"]
[Round "2.17"]
[White "Del Rey Diego"]
[Black "Guetas Sanchez Hugo"]
[Result "0-1"]
[WhiteElo "2382"]
[BlackElo "2159"]

1.d4 Nf6 2.Nf3 e6 3.c4 Nc6 4.Bg5 Bb4+ 5.Nbd2 h6 6.Bxf6 Qxf6 7.a3 Bxd2+ 8.Qxd2
e5 9.d5 Ne7 10.e4 d6 11.c5 O-O 12.Rc1 Qg6 13.Qe3 f5 14.cxd6 cxd6 15.Nd2 fxe4
16.g3 Kh8 17.Bg2 Nxd5 18.Qxe4 Qf7 19.O-O Nf6 20.Qb4 d5 21.Qd6 Re8 22.Rfe1 e4
23.f3 Bf5 24.Rc7 Qg6 25.fxe4 Rad8 26.Qf4 dxe4 27.Rxb7 Nd5 28.Qf1 Qc6 29.Qb5
Qc2 30.Nf1 e3 31.Qe2 Qxe2 32.Rxe2 Bd3 33.Re1 e2 34.Nd2 Ne3 35.Bc6 Re6 36.Ba4
Ba6 37.Rd7 Rxd7 38.Bxd7 Rd6 39.Bc8 Nc2 0-1

[Event "Campeonato de Aragón por Equipos 2008 "]
[Site "Aragón"]
[Date "2008.02.09"]
[Round "2.18"]
[White "Escuer Sanchez Nestor"]
[Black "Fernandez Lopez Felix"]
[Result "1/2-1/2"]
[WhiteElo "2084"]
[BlackElo "2316"]

1.d4 g6 2.g3 Bg7 3.Bg2 d6 4.Nf3 Nf6 5.O-O O-O 6.c4 c6 7.Nc3 Qa5 8.e3 Na6 9.Bd2
Qh5 10.Nh4 Qxd1 11.Rfxd1 Be6 12.b3 Rab8 13.Nf3 Rfe8 14.h3 Bd7 15.Rac1 b5 16.
cxb5 cxb5 17.Ne2 Rec8 18.Ne1 Rxc1 19.Rxc1 Rc8 20.Rxc8+ Bxc8 21.Ba5 Nb8 22.Nc2
Kf8 23.Nc3 a6 24.Nb4 Ne8 25.a4 1/2-1/2

[Event "Campeonato de Aragón por Equipos 2008 "]
[Site "Aragón"]
[Date "2008.02.09"]
[Round "2.19"]
[White "Chueca Forcen Alberto"]
[Black "Andreu Sin Raul"]
[Result "0-1"]
[WhiteElo "2283"]
[BlackElo "2045"]

1.d4 d5 2.c4 e6 3.Nc3 Nf6 4.cxd5 exd5 5.Bg5 Be7 6.e3 O-O 7.Bd3 h6 8.Bxf6 Bxf6
9.Qd2 c6 10.Nf3 Be6 11.O-O-O b5 12.Kb1 Nd7 13.Rdg1 a6 14.g4 c5 15.Ne2 c4 16.
Bc2 Be7 17.h4 Rb8 18.g5 h5 19.Nf4 b4 20.b3 a5 21.Nxh5 a4 22.Nxg7 axb3 23.Nxe6
bxa2+ 24.Ka1 fxe6 25.Ne5 Nxe5 26.dxe5 b3 27.g6 Qc7 0-1

[Event "Campeonato de Aragón por Equipos 2008 "]
[Site "Aragón"]
[Date "2008.02.09"]
[Round "2.20"]
[White "Sig Vargas Pablo"]
[Black "Hernando Garcia Antonio"]
[Result "0-1"]
[WhiteElo "1896"]
[BlackElo "2212"]

1.e4 d5 2.exd5 Qxd5 3.Nc3 Qd8 4.Bc4 c6 5.d3 Bf5 6.Nge2 e6 7.Bf4 Nf6 8.Ng3 Bg6
9.Qe2 Be7 10.Bb3 Nbd7 11.Nge4 Bxe4 12.Nxe4 Nxe4 13.dxe4 Nc5 14.f3 Qa5+ 15.Bd2
Qc7 16.Bc3 O-O 17.O-O Nxb3 18.axb3 Bc5+ 19.Kh1 Rfd8 20.Rfd1 Rxd1+ 21.Rxd1 Rd8
22.g3 Rxd1+ 23.Qxd1 Qd6 24.Qxd6 Bxd6 25.b4 a6 26.Kg2 f5 27.exf5 exf5 28.g4 g6
29.h3 Kf7 30.Kf2 Ke6 31.Ke3 Kd5 32.b3 c5 33.bxc5 Kxc5 34.gxf5 gxf5 35.Kd3 Kd5
36.Bb2 b5 37.Bc3 Bc7 38.Bg7 a5 39.c4+ bxc4+ 40.bxc4+ Kc5 41.Kc3 Bd6 42.Kb3 h5
43.Bf6 a4+ 44.Kxa4 Kxc4 45.Bg5 Kd3 46.Kb3 Ke2 47.f4 Kf3 48.Kc2 Bxf4 49.Be7 Kg3
50.h4 Kg4 51.Kd3 Bg3 52.Ke2 Bxh4 53.Bd6 Bg3 54.Bc5 f4 55.Kf1 f3 56.Kg1 h4 57.
Bd4 h3 58.Kh1 Kf5 59.Bc5 Ke4 60.Bb6 Kd3 61.Bc5 Ke2 62.Bg1 Bf4 63.Bf2 Be3 64.
Bg3 Bd2 65.Kg1 Be1 0-1

[Event "Campeonato de Aragón por Equipos 2008 "]
[Site "Aragón"]
[Date "2008.02.09"]
[Round "2.21"]
[White "Lucea Valero Alejandro"]
[Black "Garza Marco Sergio"]
[Result "0-1"]
[WhiteElo "1965"]
[BlackElo "2373"]

1.Nf3 e6 2.c4 Nf6 3.g3 d5 4.Bg2 c6 5.b3 a5 6.Bb2 a4 7.O-O a3 8.Bc3 Na6 9.d4 b5
10.Ne5 b4 11.Bd2 Qb6 12.c5 Nxc5 13.dxc5 Bxc5 14.e3 Ba6 15.Re1 Bd6 16.f4 O-O
17.Nc3 bxc3 18.Bxc3 c5 19.g4 Rad8 20.g5 Nd7 21.Ng4 d4 22.exd4 cxd4 23.Bxd4 Bc5
24.Bf2 Bxf2+ 25.Nxf2 Ne5 26.Qh5 Nd3 27.Qe2 Nxe1 28.Qxe1 Qd4 29.Qc1 Rc8 0-1

[Event "Campeonato de Aragón por Equipos 2008 "]
[Site "Aragón"]
[Date "2008.02.09"]
[Round "2.22"]
[White "Llanes Luno Ricardo"]
[Black "Carraminana Lopez Luis Antonio"]
[Result "1-0"]
[WhiteElo "2233"]
[BlackElo "1958"]

1.e4 d6 2.d4 Nf6 3.Nc3 e5 4.Nge2 exd4 5.Nxd4 Be7 6.Bd3 a6 7.a4 c5 8.Nde2 Nc6
9.O-O O-O 10.Nf4 Nb4 11.Bc4 Bd7 12.Re1 Bc6 13.Nfd5 Re8 14.Bf4 Nfxd5 15.exd5
Bd7 16.Ne4 b5 17.Bf1 f5 18.Nc3 c4 19.Qd2 g5 20.Rxe7 Qxe7 21.Bxg5 Qf7 22.Bf4
Qg6 23.a5 Rac8 24.Ne2 Nxd5 25.Qxd5+ Be6 26.Qxd6 Rcd8 27.Qxa6 Qg4 28.h3 Qg7 29.
c3 Bd5 30.Qh6 Qb7 31.a6 Qc8 32.Qg5+ Kh8 33.Nd4 1-0

[Event "Campeonato de Aragón por Equipos 2008 "]
[Site "Aragón"]
[Date "2008.02.09"]
[Round "2.24"]
[White "Roche Simon Miguel Angel"]
[Black "Vasilev Vas"]
[Result "1-0"]
[WhiteElo "2087"]
[BlackElo "1925"]

1.e4 d6 2.d4 g6 3.Be3 Bg7 4.Qd2 c6 5.f3 Nd7 6.Bd3 e5 7.Ne2 Bh6 8.Nbc3 exd4 9.
Nxd4 Ne5 10.O-O-O Bxe3 11.Qxe3 Qb6 12.Be2 Be6 13.Na4 Qc7 14.f4 Nd7 15.Qc3 Ngf6
16.Nb5 cxb5 17.Qxc7 bxa4 18.f5 gxf5 19.exf5 Bxf5 20.Qxd6 Rc8 21.Bd3 Rc6 22.
Rhe1+ Be6 23.Qb4 Rg8 24.Qxb7 Rb6 25.Qxa7 Rxg2 26.a3 Nd5 27.Bf5 1-0

[Event "Campeonato de Aragón por Equipos 2008 "]
[Site "Aragón"]
[Date "2008.02.09"]
[Round "2.25"]
[White "Colas Longares Rafael P"]
[Black "Lopez Gracia Fernando"]
[Result "1-0"]
[WhiteElo "2328"]
[BlackElo "2293"]

1.e4 c5 2.Nf3 e6 3.d4 cxd4 4.Nxd4 Nc6 5.Nc3 Qc7 6.Be3 a6 7.Bd3 Nf6 8.O-O Ne5
9.h3 Bc5 10.Kh1 d6 11.Qe1 O-O 12.f4 Ng6 13.f5 Ne5 14.Qh4 b5 15.Nce2 exf5 16.
exf5 Bb7 17.Bg5 Ned7 18.Ng3 Rfe8 19.Rf4 Re3 20.Nh5 Nxh5 21.Qxh5 Bxd4 22.Rxd4
Rg3 23.Rg1 Qc5 24.Rh4 h6 25.Bf4 Rxg2 26.Rxg2 Qf2 27.Qg4 1-0

[Event "Campeonato de Aragón por Equipos 2008 "]
[Site "Aragón"]
[Date "2008.02.09"]
[Round "2.26"]
[White "Quintin Navarro Alberto"]
[Black "Garcia Vicente Nieves"]
[Result "1-0"]
[WhiteElo "1975"]
[BlackElo "2219"]

1.d4 Nf6 2.c4 e6 3.g3 d5 4.Nf3 c5 5.Bg2 cxd4 6.Nxd4 Nc6 7.O-O Bc5 8.Nxc6 bxc6
9.Qc2 Bb6 10.b3 O-O 11.Ba3 Re8 12.Nc3 Bd7 13.Rfd1 Qc8 14.e4 d4 15.e5 Ng4 16.
Ne4 Nxe5 17.Nd6 Qa6 18.Qb2 Red8 19.c5 Nd3 20.Qxd4 Qxa3 21.cxb6 Nb4 22.b7 Rab8
23.Qf4 f6 24.Nc4 e5 25.Qd2 Qa6 26.Qxb4 Rxb7 27.Qa5 Qxa5 28.Nxa5 Rc7 29.Bxc6
Kf8 30.Nb7 Rb8 31.Bxd7 Rbxb7 32.Ba4 Rc2 33.Rd7 Rb4 34.a3 Re4 35.b4 Rc3 36.Rad1
Rxa3 37.Rd8+ Ke7 38.R1d7+ Ke6 39.Re8+ 1-0

[Event "Campeonato de Aragón por Equipos 2008 "]
[Site "Aragón"]
[Date "2008.02.09"]
[Round "2.27"]
[White "Cabrera Moreno Daniel"]
[Black "Arregui Unotria Carlos"]
[Result "1-0"]
[WhiteElo "2184"]
[BlackElo "1925"]

1.d4 Nf6 2.Bg5 e6 3.e3 h6 4.Bh4 d6 5.Nd2 Nbd7 6.Bd3 b6 7.f4 Bb7 8.Ngf3 c5 9.c3
Qc7 10.Qe2 Be7 11.O-O e5 12.Bxf6 Bxf6 13.Ne4 Rg8 14.b4 d5 15.Nxf6+ gxf6 16.Nh4
e4 17.Bb5 a6 18.Bxd7+ Qxd7 19.Kh1 c4 20.f5 Rg5 21.a4 Ke7 22.a5 b5 23.Rf4 Rag8
24.Raf1 Bc8 25.R1f2 Qe8 26.Kg1 R8g7 27.Kf1 Qg8 28.Ke1 Kd6 29.Kd2 Qh7 30.Qf1 h5
31.g3 Rg4 32.Qh3 R7g5 33.Rxg4 hxg4 34.Qf1 Qh5 35.Rf4 Bd7 36.Qf2 Bc8 37.Qf1 Bd7
38.h3 Bc8 39.Rxg4 Rxg4 40.hxg4 Qxg4 41.Qf4+ Qxf4 42.exf4 Ke7 43.g4 Kf8 44.Ng2
Kg7 45.Ne3 Bb7 46.Ke2 Kh6 47.Kf2 Bc6 48.Kg3 Bb7 49.Kh4 Bc6 50.g5+ Kh7 51.Ng4
fxg5+ 52.fxg5 Kg7 53.Kg3 Bb7 54.Kf4 Ba8 55.Ke5 Bb7 56.Ne3 Kf8 57.Kf6 Bc6 58.g6
fxg6 59.fxg6 Bb7 60.Nf5 Bc8 61.g7+ 1-0